000 01148cam a22002771i 4500
003 SA-RiAUC
005 20250512050758.0
008 250511s1984 le a g b 00000dara c
040 _aSA-RiAUC
_bara
_cSA-RiAUC
_erda
082 0 4 _a907.2
_qSA-RiAUC
090 _a907.2
_bع ل ي
100 1 _aعلي، محمد كمال الدين عز الدين
_eمؤلف.
245 1 2 _aالتاريخ والمنهج التاريخي لابن حجر العسقلاني /
_cمحمد كمال الدين عز الدين.
250 _aالطبعة الأولى.
264 1 _aبيروت :
_bدار اقرأ،
_c1984
300 _a560 صفحة :
_bجداول ؛
_c24 سم
336 _aنص
_btxt
_2rdacontent
_3كتاب
337 _aبدون وسيط
_bn
_2rdamedia
338 _aمجلد
_bnc
_2rdacarrier
504 _aببليوجرافية : صفحة 547-555.
504 _aببليوجرافية : صفحة 531-555.
600 1 7 _aابن حجر العسقلاني، أحمد بن علي بن محمد،
_d773-852 هجري
_2aucnm
650 7 _aالتاريخ
_xمناهج بحث
_2aucsh
942 _2ddc
_cBOOK
_n0
949 _aSA-JeALM
_d250511
_uosman123
_n1
999 _c7824
_d7824